| 000 | 00587nam a2200205 u 4500 | ||
|---|---|---|---|
| 005 | 20240912063855.0 | ||
| 008 | 160601s2009 ag r 000 0 spa d | ||
| 020 | _a9789872491444 | ||
| 035 | _aUPN01000210941 | ||
| 049 | _aI | ||
| 050 | 4 |
_aPZ78 _bR6.54 |
|
| 100 | 1 |
_aRossia, Fernando, _d1972- _938985 |
|
| 245 | 1 | 3 |
_aLa melodÃa misteriosa / _cFernando Rossia. |
| 260 |
_aBuenos Aires : _bCalibroscopio, _c2009. |
||
| 300 |
_a[42] p. : _bil. |
||
| 650 | 4 |
_aCuentos infantiles argentinos _97466 |
|
| 650 | 4 |
_aMUSICA EN LA LITERATURA _99692 |
|
| 905 | _aInfantil | ||
| 999 |
_c183042 _d183042 |
||